000 01116nam a2200349Ia 4500
001 Z_7077
003 CHAP
008 220113s9999 xx 000 0 und d
010 _a170350
020 _a84-200-0924-5
040 _cCHAP
082 _a639.3089 A28
245 _aAcuicultura para veterinarios : produccion y clinica de peces /
_ceditor Lydia Brown; colaboradores Ian Anderson... [et al.]; traducción Ignacio de Blas Giral... [et al.]
260 _aEspaña :
_bAcribia,
_c
300 _axiv, 445 p.
500 _aTraducción de la obra en inglés: Aquaculture for veterinarians: fish husbandry and medicine
503 _aej.1: consumo
504 _aIncluye bibliografía
650 _aAcuicultura
_9758
650 _aEenfermedades de peces
_9146701
650 _aMedicina veterinaria
_9137478
650 _aPeces de cría
_9146702
700 _a Anderson, Ian, colab.
_9146703
700 _a Blas Giral, Ignacio de, tr.
_9146704
700 _aBrown, Lydia, ed.
_9146705
901 _a639.3089 A28
902 _aM
910 _a
942 _c1
942 _cc1
999 _c170350
_d170350